[Event "Catarinense-ch 28th"]
[Site "Balneario Camboriu"]
[Date "2002.11.30"]
[Round "5"]
[White "Niehues, Luiz Cesar"]
[Black "Nunes Pereira, Jose Manoel"]
[Result "1-0"]
[WhiteElo "1788"]
[BlackElo "1846"]
[PlyCount "77"]
[EventDate "2002.11.??"]
[EventType "swiss"]
[EventRounds "7"]
[EventCountry "BRA"]
[SourceTitle "EXT 2006"]
[Source "ChessBase"]
[SourceDate "2005.11.24"]
[SourceVersion "1"]
[SourceVersionDate "2005.11.24"]
[SourceQuality "1"]

1. d4 d5 2. c4 dxc4 3. Nc3 c6 4. a4 Nf6 5. e3 Bf5 6. Bxc4 e6 7. Nf3 Nbd7 8. 0-0 Bd6 9. h3 h5 10. Re1 Ne4 11. Bd3 Nxc3 12. bxc3 g5 13. e4 Bg6 14. Bxg5 Qc7 15. e5 Be7 16. Bxg6 fxg6 17. Qb3 Nf8 18. Re4 0-0-0 19. Rf4 Kb8 20. Rf7 Rh7 21. Rxf8 Rxf8 22. Qxe6 Bxg5 23. Nxg5 Qe7 24. Qxe7 Rxe7 25. Re1 Kc7 26. h4 Kb6 27. g3 Ka5 28. Ra1 c5 29. f4 cxd4 30. cxd4 Rd8 31. Nf3 Rd5 32. Kf2 Kb4 33. Ke3 Ra5 34. Ke4 b5 35. Rb1+ Kxa4 36. d5 b4 37. d6 Rd7 38. Nd4 Rc5 39. Ra1# 1-0